LIBRARY & INFORMATION CENTRE, KCAET, TAVANUR

ONLINE PUBLIC ACCESS CATALOGUE (OPAC)

Year`s work in English studies vol-XLIV / (Record no. 4876)

MARC details
000 -LEADER
fixed length control field 00374cam a2200145ua 4500
041 ## - LANGUAGE CODE
Language code of text/sound track or separate title eng
082 ## - DEWEY DECIMAL CLASSIFICATION NUMBER
Classification number 828.09
Item number WHI/YE
100 ## - MAIN ENTRY--AUTHOR NAME
Personal name White, Beatrice .
245 ## - TITLE STATEMENT
Title Year`s work in English studies vol-XLIV /
260 ## - PUBLICATION, DISTRIBUTION, ETC. (IMPRINT)
Place of publication :
Name of publisher English association ,
Year of publication 1965.
300 ## - PHYSICAL DESCRIPTION
Number of Pages 375 ; .
942 ## - ADDED ENTRY ELEMENTS (KOHA)
Koha item type Books
Holdings
Withdrawn status Lost status Damaged status Home library Current library Date acquired Full call number Accession Number Koha item type
Withdrawn     KAUAET Sanskrit University 07/04/2012 828.09 WHI/YE 11739 Books
free website counter